Prava čeloveka i meždunarodnyj terrorizm
Problematika medzinárodného terorizmu po teroristickom útoku 11. septembra 2001. Boj proti terorizmu ako jedna z priorít mnohých národných vlád. Porušovanie práv človeka. Medzinárodné dokumenty na ochranu práv človeka. Terorizmus ako priestupok proti ľudskosti. Terorizmus z pohľadu medzinárodného pr...
Salvato in:
| Autore principale: | |
|---|---|
| Natura: | Capitolo di libro |
| Lingua: | russo |
| Soggetti: | |
| Tags: |
Nessun Tag, puoi essere il primo ad aggiungerne!!
|
MARC
| LEADER | 00000naa$a2200000$$$4500 | ||
|---|---|---|---|
| 001 | 0103401 | ||
| 005 | 20240502083246.8 | ||
| 041 | 0 | |a rus | |
| 044 | |a RU | ||
| 245 | 1 | 0 | |a Prava čeloveka i meždunarodnyj terrorizm |c Stanislav Mráz |
| 520 | |a Problematika medzinárodného terorizmu po teroristickom útoku 11. septembra 2001. Boj proti terorizmu ako jedna z priorít mnohých národných vlád. Porušovanie práv človeka. Medzinárodné dokumenty na ochranu práv človeka. Terorizmus ako priestupok proti ľudskosti. Terorizmus z pohľadu medzinárodného práva. | ||
| 610 | 2 | 0 | |a právo občianske |
| 610 | 2 | 0 | |a právo medzinárodné |
| 610 | 2 | 0 | |a bezpečnosť |
| 610 | 2 | 0 | |a terorizmus |
| 610 | 2 | 0 | |a vzťahy medziľudské |
| 610 | 2 | 0 | |a vzťahy medzinárodné |
| 610 | 2 | 0 | |a politika medzinárodná |
| 100 | 1 | |a Mráz, Stanislav | |